[Event "Cellavision Cup 2018"]
[Site "Lund"]
[Date "2018.08.03"]
[Round "1"]
[White "Kakulidis, Ellen"]
[Black "Sumets, Andrey"]
[Result "0-1"]
[WhiteElo "1986"]
[BlackElo "2575"]
[Annotator "TA"]
[PlyCount "72"]
[EventDate "2018.08.03"]
[EventType "swiss"]
[EventCountry "SWE"]
[SourceTitle "playchess.com"]
[Source "ChessBase"]
[SourceQuality "1"]

{[%evp 20,72,0,0,10,8,0,0,0,-22,-32,-64,-56,-62,-35,-28,0,-20,2,0,0,-6,0,-26,-24,-54,-55,-61,-47,-161,-31,-158,-124,-128,-75,-114,-47,-154,-163,-164,-102,-309,-295,-300,-271,-287,-299,-468,-464,-481,-446,-609,-600,-641,-690]} 1. d4 Nf6 2. c4 g6 3. Nc3 Bg7 4. e4 d6 5. Nf3 O-O 6. Be2 Na6 7. h3 e5 {E91: King's Indian: Classical: 6 Be2, unusual replies including 6...c5 and 6...Bg4} 8. O-O (8. d5 Nc5 9. Qc2 a5 10. Be3 Qe8 11. Nd2 Bd7 12. g4 c6 13. Nb3 cxd5 14. cxd5 b6 15. Nxc5 bxc5 16. a4 Qe7 17. Nb5 Ne8 18. Bd3 {½-½ (43) Hort,V (2447)-Milov,V (2643) Switzerland 2013}) 8... exd4 9. Nxd4 Re8 10. Bf3 Nc5 11. Re1 $1 {LiveBook: 3 Games} a5 12. Bg5 h6 13. Bh4 c6 14. Bg3 $146 ({Predecessor:} 14. Qd2 a4 15. Bg3 {0-1 (28) Lajthajm,B (2325)-Mozetic,D (2440) Nis 1998}) 14... Nh7 15. h4 Be5 16. Qd2 Bxg3 17. fxg3 Kg7 18. Nc2 Be6 19. Rad1 Nf6 20. Ne3 Qb6 21. Kh1 Rad8 22. g4 Bc8 {[%cal Rc5e4]} 23. Qc2 Qc7 24. g3 (24. Kg1 $15) 24... Nfd7 (24... d5 $1 $19 25. e5 Qxe5) 25. Bg2 ({White should play} 25. Kg2 $15) 25... Ne5 26. Qe2 Be6 (26... Qd7 $142 {[%cal Re5g4]} 27. Rf1 Qe7) 27. b3 Ncd7 (27... a4 $17 28. b4 Ncd7) 28. h5 (28. Ncd5 $15 Qc8 29. Rf1) 28... Nf6 $17 {[%cal Re6g4]} 29. Bh3 {[#]} Nxh5 $1 {[%mdl 512]} 30. Kh2 $2 (30. gxh5 $17 {was the only defense.} Bxh3 31. g4) 30... Nf6 $19 {[%cal Bh5f6,Bf6h7,Bh7f6][%mdl 32]} 31. Rf1 Nh7 32. Qf2 Qe7 33. Nf5+ (33. Qf4 $142) 33... gxf5 {Black is clearly winning.} 34. gxf5 Bc8 35. Ne2 Qg5 36. Nf4 Nf6 {Precision: White = 28%, Black = 41%.} 0-1

[Event "Cellavision Cup 2018"]
[Site "Lund"]
[Date "2018.08.03"]
[Round "1"]
[White "Joensson, Jacob"]
[Black "Urkedal, Frode Olav Olsen"]
[Result "0-1"]
[WhiteElo "1976"]
[BlackElo "2537"]
[Annotator "ChessBase"]
[PlyCount "70"]
[EventDate "2018.08.03"]
[EventType "swiss"]
[EventCountry "SWE"]
[SourceTitle "playchess.com"]
[Source "ChessBase"]
[SourceQuality "1"]
[TimeControl "900+5"]

1. d4 {[%emt 0:00:00]} Nf6 {[%emt 0:00:00]} 2. c4 {[%emt 0:00:00]} e6 {[%emt 0:00:00]} 3. Nc3 {[%emt 0:00:00]} Bb4 {[%emt 0:00:00]} 4. e3 {[%emt 0:00:01]} b6 {[%emt 0:00:16]} 5. Bd3 {[%emt 0:00:03]} Bb7 {[%emt 0:00:01]} 6. Nf3 {[%emt 0:00:01]} O-O {[%emt 0:00:06]} 7. O-O {[%emt 0:00:07]} d5 {[%emt 0:00:02]} 8. Qe2 {[%emt 0:00:35]} Nbd7 {[%emt 0:00:12]} 9. Bd2 {[%emt 0:01:09]} c5 {[%emt 0:00:12]} 10. a3 {[%emt 0:01:19]} Bxc3 {[%emt 0:00:03]} 11. Bxc3 {[%emt 0:00:03]} dxc4 {[%emt 0:00:11]} 12. Bxc4 {[%emt 0:00:03]} Qc7 {[%emt 0:00:13]} 13. Rac1 {[%emt 0:01:42]} Ne4 {[%emt 0:01:05]} 14. Ba6 {[%emt 0:01:00]} Bxa6 {[%emt 0:00:41]} 15. Qxa6 {[%emt 0:00:03]} Rac8 {[%emt 0:00:16]} 16. Qd3 {[%emt 0:03:51]} Qb7 {[%emt 0:00:05]} 17. Rfd1 {[%emt 0:00:49]} c4 {[%emt 0:00:10]} 18. Qe2 {[%emt 0:01:02]} b5 {[%emt 0:00:15]} 19. Bb4 {[%emt 0:00:24]} Rfe8 {[%emt 0:00:06]} 20. Nd2 {[%emt 0:00:48]} f5 {[%emt 0:00:37]} 21. f3 {[%emt 0:00:25]} Nxd2 {[%emt 0:00:09]} 22. Qxd2 {[%emt 0:00:04]} Nf6 {[%emt 0:00:16]} 23. Bd6 {[%emt 0:00:39]} Qd5 {[%emt 0:00:02]} 24. Be5 {[%emt 0:00:03]} Nd7 {[%emt 0:00:08]} 25. Bf4 {[%emt 0:00:50]} h6 {[%emt 0:00:05]} 26. Qa5 {[%emt 0:00:25]} Qb7 {[%emt 0:00:01]} 27. a4 {[%emt 0:00:09]} b4 {[%emt 0:00:42]} 28. d5 {[%emt 0:00:23]} Rc5 {[%emt 0:00:07]} 29. Qxc5 {[%emt 0:00:35]} Nxc5 {[%emt 0:00:02]} 30. Rxc4 {[%emt 0:00:04]} e5 {[%emt 0:00:17]} 31. Bg3 {[%emt 0:00:09]} Nxa4 {[%emt 0:00:07]} 32. Rd2 {[%emt 0:00:20]} Rc8 {[%emt 0:00:22]} 33. Rxc8+ {[%emt 0:00:15]} Qxc8 {[%emt 0:00:02]} 34. Kf2 {[%emt 0:00:08]} Qc1 {[%emt 0:00:01]} 35. Re2 {[%emt 0:00:02]} Nxb2 {[%emt 0:00:02]} 0-1

[Event "Cellavision Cup 2018"]
[Site "Lund"]
[Date "2018.08.03"]
[Round "1"]
[White "Johnsson, Marcus"]
[Black "Maiorov, Nikita"]
[Result "1-0"]
[WhiteElo "1961"]
[BlackElo "2504"]
[Annotator "TA"]
[PlyCount "74"]
[EventDate "2018.08.03"]
[EventType "swiss"]
[EventCountry "SWE"]
[SourceTitle "playchess.com"]
[Source "ChessBase"]
[SourceQuality "1"]

{[%evp 20,74,16,-33,-14,-20,-18,-28,-39,-42,-50,-85,-60,-68,-45,-75,-71,-71,-55,-93,-93,-90,-72,-72,-72,-72,-72,-75,-50,-87,-68,-186,-190,-270,-265,-277,-235,-239,-256,-242,-257,-247,-245,-286,-280,-356,-256,-289,-291,-541,-482,-945,-955,-1562,-1542,-2291,-2267]} 1. d4 Nf6 2. Bf4 e6 3. e3 d5 4. Nf3 c5 5. c3 Nc6 {[%cal Bb8c6,Bc6e7,Be7f5][%mdl 32]} 6. Nbd2 Bd6 7. Bg3 O-O 8. Bd3 b6 9. O-O {D02: 1 d4 d5 2 Nf3 sidelines, including 2...Nf6 3 g3 and 2...Nf6 3 Bf4} (9. e4 Be7 10. e5 Nh5 11. Nf1 cxd4 12. Nxd4 Nxd4 13. cxd4 g6 14. Ne3 f5 15. exf6 Bxf6 16. Be2 Nxg3 17. hxg3 {½-½ (37) Nakamura,H (2787)-Svidler,P (2760) Moscow 2018}) 9... Bb7 10. Ne5 Ne7 11. f4 {LiveBook: 5 Games. The position is equal.} Nf5 12. Bf2 Be7 13. g4 Nd6 14. Qf3 $146 ({Predecessor:} 14. Bh4 Nfe4 15. Bxe7 Qxe7 16. g5 f6 17. Bxe4 dxe4 18. gxf6 gxf6 {0-1 (38) Slobodnik,M (2097)-Ondrus,M (2296) Slovakia 2016}) 14... Nfe4 15. Qe2 a5 16. g5 Qc8 17. h4 Ba6 18. Bxa6 Rxa6 19. Kh2 Nxd2 20. Qxd2 Ne4 21. Qe2 Bd6 22. Rg1 Ra7 23. Rg2 {[#]} b5 $1 {[%cal Bb6b5,Bb5b4][%mdl 544]} 24. Rag1 (24. Qxb5 Bxe5) 24... b4 25. h5 ({Better is} 25. Ng4 $15) 25... bxc3 $19 26. g6 {[#]} (26. bxc3 $142 Bxe5 27. dxe5) 26... fxg6 $1 27. hxg6 h6 28. bxc3 Bxe5 29. dxe5 Nxc3 30. Qh5 Ne4 31. Bh4 Rf5 32. Bg5 Qe8 (32... Nxg5 $2 33. Rxg5 Rf8 34. R5g2 $19) 33. Rb1 c4 ({Don't play} 33... Nxg5 34. Rxg5 Qa4 35. Rb2 $17) 34. Rgb2 $2 (34. Qh3) 34... Ra8 {Black is clearly winning.} 35. Rb7 (35. Rg2 $142 Rb8 36. Rxb8 Qxb8 37. Qh3) 35... Nxg5 36. fxg5 Rxg5 37. Qh3 Qxg6 {[%mdl 32768] Precision: White = 29%, Black = 63%. . Loss on Time!?} 1-0

[Event "Cellavision Cup 2018"]
[Site "Lund"]
[Date "2018.08.03"]
[Round "1"]
[White "Broman, Finn"]
[Black "Golubka, Petro"]
[Result "0-1"]
[WhiteElo "1951"]
[BlackElo "2478"]
[Annotator "TA"]
[PlyCount "54"]
[EventDate "2018.08.03"]
[EventType "swiss"]
[EventCountry "SWE"]
[SourceTitle "playchess.com"]
[Source "ChessBase"]
[SourceQuality "1"]

{[%evp 14,54,6,3,19,16,75,-12,0,-15,33,-58,-36,-57,-29,-31,-33,-100,-102,-139,-119,-198,-191,-191,-176,-220,-221,-233,-217,-256,-257,-268,-207,-671,-635,-601,-500,-656,-637,-827,-847,-1039,-1116]} 1. e4 e6 2. d4 d5 3. Nc3 Bb4 4. e5 c5 5. a3 Bxc3+ 6. bxc3 Ne7 7. Bd3 Nbc6 8. Nf3 {LiveBook: 59 Games} h6 {C19: French: 3 Nc3 Bb4: Main line: 7 Nf3 and 7 a4} (8... Bd7 9. O-O Qc7 10. Re1 Na5 11. Ng5 Ng6 12. Re3 c4 13. Be2 Nc6 14. Bh5 Nce7 15. Qg4 Ba4 16. Ra2 Nf5 17. Re1 O-O-O 18. Nf3 {1-0 (91) Caruana,F (2773)-Carlsen,M (2843) Sao Paulo/Bilbao 2012}) 9. O-O Bd7 (9... c4 $11 10. Be2 b5) 10. a4 (10. dxc5 $16 Qc7 11. Rb1) 10... c4 $11 {The position is equal.} 11. Be2 Qa5 12. Ba3 (12. Qd2 $14) 12... Qxc3 $146 ({Predecessor:} 12... O-O-O 13. Qb1 g5 14. Qb2 Ng6 15. Rfb1 b6 16. Bf1 Rdg8 {1-0 (29) Vo,H (2255)-Mai,T (2220) Can Tho 1999}) 13. Qb1 b6 14. Rd1 O-O {[%cal Bh8f8,Bf8b8,Bb8b2][%mdl 32]} 15. a5 (15. Re1 $15) 15... bxa5 $17 16. Bd6 {[#] Hoping for Ra3.} Rab8 $1 17. Bxb8 (17. Qc1 $17 {was worth a try.}) 17... Rxb8 $19 18. Qc1 Rb2 $36 {[%mdl 2048] Black is on the roll.} 19. Rd2 Nf5 {[%cal Rf5d4]} 20. Qd1 h5 21. h3 h4 22. Kh2 a6 23. g4 $2 {[#]} (23. Kg1) 23... hxg3+ {Black is clearly winning.} 24. fxg3 a4 {[%cal Ba5a4,Ba4a3][%mdl 32]} 25. g4 Ne3 26. Qc1 a3 27. Bd1 Nf1+ {Precision: White = 20%, Black = 67%.} 0-1

[Event "Cellavision Cup 2018"]
[Site "Lund"]
[Date "2018.08.03"]
[Round "1"]
[White "Olsson, William"]
[Black "Johansson, Linus"]
[Result "1-0"]
[WhiteElo "1931"]
[BlackElo "2457"]
[Annotator "TA"]
[PlyCount "75"]
[EventDate "2018.08.03"]
[EventType "swiss"]
[EventCountry "SWE"]
[SourceTitle "playchess.com"]
[Source "ChessBase"]
[SourceQuality "1"]

{[%evp 15,74,13,12,12,16,-37,-35,-56,-51,-59,-43,-73,-64,-79,-40,-58,-63,-107,-56,-90,-26,-100,-73,-97,0,0,0,-43,41,-49,-30,-140,-111,-111,-118,-121,-88,-209,-180,-454,-454,-454,-451,-520,-517,-472,-361,-326,-331,-375,29994,29995,29995,29996,29997,29998,29998,29998,29998,29999,29999]} 1. d4 Nf6 2. Nf3 d5 3. Bf4 Bf5 4. e3 e6 5. c4 Bxb1 6. Rxb1 {D02: 1 d4 d5 2 Nf3 sidelines, including 2...Nf6 3 g3 and 2...Nf6 3 Bf4} Bb4+ 7. Ke2 Bd6 (7... dxc4 8. Qa4+ Nc6 9. Ne5 a5 10. Nxc6 Qd7 11. Rc1 Nd5 12. Rxc4 Nb6 13. Qc2 Nxc4 14. Nxb4 Nxb2 {1-0 (41) Nakamura,H (2769)-Giri,A (2782) Leuven 2018}) 8. g3 O-O {LiveBook: 3 Games} 9. Bg2 c6 10. Re1 $146 (10. Qb3 $11) ({Predecessor:} 10. Qb3 b6 11. Rbc1 Bxf4 12. gxf4 Ne4 13. cxd5 cxd5 {½-½ (41) Ardelean,G (2493)-Toma,R (2378) Calimanesti Caciulata 2017}) 10... Bxf4 $15 11. exf4 dxc4 12. Kf1 Nbd7 13. Kg1 Qa5 14. a3 Rad8 15. Qc2 Nb6 16. Rbd1 h6 ({Black should play} 16... Ne8 $17) 17. Ne5 {[#]} Qb5 (17... Rxd4 $1 $17 {[%mdl 512] Hoping for ...Rfd8.} 18. Rxd4 Qxe1+ 19. Bf1 Nfd5) 18. Re3 (18. Bf1 $1 $11 {remains equal.}) 18... Nfd5 19. Re2 c5 (19... Rd6 $17 20. Red2 f6) 20. dxc5 $11 Qxc5 21. Red2 Rc8 (21... Rfe8 $15) 22. Rd4 (22. Bxd5 $1 $14 exd5 {[#]} 23. Nd7 $1 {[%mdl 512]} Nxd7 24. Rxd5) 22... Rc7 23. f5 (23. Bxd5 $11 {keeps the balance.} exd5 24. Ng4) 23... Ne3 24. fxe3 {aiming for Qe4.} Qxe5 25. e4 Rcc8 26. Rd6 (26. Bh3 $17) 26... c3 $36 {[%mdl 2048] Black is in control.} 27. b3 $2 (27. R6d4 {was forced.}) 27... Qc5+ $19 28. Kh1 {[#]} Nd5 $1 {[%mdl 512]} 29. exd5 Qxd6 30. dxe6 Qxa3 31. exf7+ Kh8 {And now ...Qb2 would win.} (31... Kxf7 32. Bd5+ Kf6 33. Qe4 $18) 32. f6 {Threatening mate with Qg6.} Qb2 $4 {[%mdl 8192]} (32... Rxf7 $19 33. fxg7+ Kxg7) 33. Qg6 {[%csl Gg6][%cal Rf6g7] White mates.} Rxf7 34. Qxf7 {[%csl Gf6][%cal Rf7g7]} Rg8 35. fxg7+ Rxg7 36. Qf8+ Kh7 37. Be4+ Rg6 38. Rd7# {Precision: White = 28%, Black = 35%.} 1-0

[Event "Cellavision Cup 2018"]
[Site "Lund"]
[Date "2018.08.03"]
[Round "1"]
[White "Kovacevic, Tommy"]
[Black "Himanshu, Sharma"]
[Result "0-1"]
[WhiteElo "1924"]
[BlackElo "2436"]
[Annotator "TA"]
[PlyCount "140"]
[EventDate "2018.08.03"]
[EventType "swiss"]
[EventCountry "SWE"]
[SourceTitle "playchess.com"]
[Source "ChessBase"]
[SourceQuality "1"]

{[%evp 19,140,6,8,0,0,-8,-4,-17,22,-7,20,16,16,0,0,-16,0,-19,-17,-16,16,0,11,7,10,0,0,0,0,-8,-2,-12,-2,-12,0,0,0,0,0,-12,-7,0,0,-21,0,-5,0,0,-8,-14,0,0,0,0,0,0,0,0,0,0,0,0,0,0,0,0,0,0,0,0,0,0,0,0,0,-415,-409,-403,-390,-397,-391,-411,-401,-416,-410,-461,-443,-462,-441,-445,-440,-525,-524,-511,-507,-632,-622,-622,-618,-668,-668,-651,-658,-774,-760,-724,-590,-560,-541,-829,-817,-787,-782,-803,-723,-1938,-1677,-29991,-29992,-29992,-29993,-29994,-12848]} 1. d4 d5 2. Nf3 Nf6 3. Bf4 c6 4. c3 Bf5 5. Nbd2 h6 6. h3 Nbd7 7. e3 e6 8. Be2 Be7 9. Qb3 {D02: 1 d4 d5 2 Nf3 sidelines, including 2...Nf6 3 g3 and 2...Nf6 3 Bf4} (9. O-O O-O 10. Ne5 Nxe5 11. Bxe5 a5 12. Qb3 Nd7 13. Bg3 Qb6 14. Qxb6 Nxb6 15. a4 Bg6 16. Rfe1 Nc8 {0-1 (61) Kamsky,G (2721)-Aronian,L (2803) Beijing 2013}) 9... Qb6 10. O-O O-O {LiveBook: 22 Games} 11. Rac1 {The position is equal.} a5 $146 ({Predecessor:} 11... Rfe8 12. Rfe1 Rad8 13. a3 Ne4 14. c4 {½-½ (25) Kubikova,H (2142)-Olsarova,K (2260) Ledec nad Sazavou 2013}) 12. Qxb6 Nxb6 13. c4 Rfc8 14. Ne5 Nbd7 15. Nxd7 Nxd7 16. cxd5 exd5 17. Nf3 a4 18. Ne5 a3 19. b3 $1 Nb8 20. Bd3 Bxd3 21. Nxd3 Na6 22. Rc2 Nb4 23. Nxb4 Bxb4 24. Rfc1 f6 25. Bg3 Re8 26. Kf1 Re7 27. Ke2 Rae8 28. Kd3 Kf7 29. Bh2 h5 30. h4 Ke6 31. Rg1 Kd7 32. g4 hxg4 33. Rxg4 Rh8 34. Bg3 Rh5 35. Rc1 b6 36. Rg1 c5 37. Rc1 Rh8 38. Rc2 Rd8 39. Rc1 Ke6 40. Rg1 Rc8 41. Rc1 Kd7 42. Rc2 Rh8 43. Rc1 Ke6 44. Rg1 Rh7 45. Rc1 Kf7 46. dxc5 (46. f3 {seems wilder.} Rh5 47. Bf4 Re8 48. Rcg1 Rh7 49. dxc5 Bxc5 50. h5) 46... bxc5 {[%cal Bb6c5,Bc5c4][%mdl 32]} 47. Bd6 $2 {[%mdl 8192] [#]} (47. Rg1 $11 {and White is okay.}) 47... c4+ $1 $19 {[%mdl 512]} 48. bxc4 dxc4+ ({Weaker is} 48... Bxd6 49. cxd5 Rh5 50. Rd4 $19) 49. Rcxc4 Bxd6 50. Rc6 Be5 51. Ra6 Bb2 52. Rc4 Rh5 53. Raa4 Rd5+ 54. Ke2 Red7 55. Kf3 Rd1 56. h5 Ra1 57. h6 gxh6 58. Rh4 Kg7 59. Rhg4+ Kh7 60. Ra8 Rxa2 61. Rgg8 f5 62. Rgf8 Ra1 63. Rxf5 Rg1 64. Rb5 Rgg7 65. Rba5 Rdf7+ 66. Ke2 Rg2 67. R8a7 Rgxf2+ 68. Ke1 Bc3+ {Black mates.} 69. Kd1 Bxa5 70. Rxa5 a2 {Precision: White = 45%, Black = 64%.} (70... Rg7 $142 71. Ke1 Rb2 72. Kf1 Rc7 73. Ra7 Rxa7 74. e4 a2 75. Kg1 a1=Q#) 0-1

[Event "Cellavision Cup 2018"]
[Site "Lund"]
[Date "2018.08.03"]
[Round "2"]
[White "Shirov, Alexei"]
[Black "Lindgren, Mats"]
[Result "1-0"]
[WhiteElo "2631"]
[BlackElo "2170"]
[Annotator "ChessBase"]
[PlyCount "56"]
[EventDate "2018.08.03"]
[EventType "swiss"]
[EventCountry "SWE"]
[SourceTitle "playchess.com"]
[Source "ChessBase"]
[SourceQuality "1"]
[TimeControl "900+5"]

1. d4 {[%emt 0:00:00]} e6 {[%emt 0:00:00]} 2. e4 {[%emt 0:00:03]} d5 {[%emt 0:00:00]} 3. Nc3 {[%emt 0:00:04]} Bb4 {[%emt 0:00:00]} 4. e5 {[%emt 0:00:02]} c5 {[%emt 0:00:03]} 5. a3 {[%emt 0:00:02]} Bxc3+ {[%emt 0:00:03]} 6. bxc3 {[%emt 0:00:02]} Ne7 {[%emt 0:00:03]} 7. Nf3 {[%emt 0:00:06]} Bd7 {[%emt 0:00:07]} 8. h4 {[%emt 0:02:02]} Qa5 {[%emt 0:00:50]} 9. Bd2 {[%emt 0:00:11]} Nbc6 {[%emt 0:00:29]} 10. h5 {[%emt 0:00:27]} h6 {[%emt 0:00:03]} 11. a4 {[%emt 0:02:23]} f6 {[%emt 0:01:50]} 12. exf6 {[%emt 0:00:59]} gxf6 {[%emt 0:00:02]} 13. Bb5 {[%emt 0:00:04]} O-O-O {[%emt 0:01:00]} 14. O-O {[%emt 0:00:17]} Qc7 {[%emt 0:00:36]} 15. dxc5 {[%emt 0:00:56]} e5 {[%emt 0:00:23]} 16. Nh4 {[%emt 0:00:02]} Rdg8 {[%emt 0:01:04]} 17. Qf3 {[%emt 0:00:33]} f5 {[%emt 0:03:32]} 18. Rfe1 {[%emt 0:03:37]} e4 {[%emt 0:00:03]} 19. Qf4 {[%emt 0:00:07]} Rg4 {[%emt 0:02:25]} 20. Qxc7+ {[%emt 0:00:04]} Kxc7 {[%emt 0:00:02]} 21. g3 {[%emt 0:00:03]} Rhg8 {[%emt 0:00:59]} 22. Kh2 {[%emt 0:01:03]} Ne5 {[%emt 0:00:56]} 23. Be2 {[%emt 0:00:03]} f4 {[%emt 0:01:25]} 24. Bxf4 {[%emt 0:00:18]} Rxf4 {[%emt 0:00:05]} 25. gxf4 {[%emt 0:00:02]} Ng4+ {[%emt 0:00:01]} 26. Bxg4 {[%emt 0:00:06]} Rxg4 {[%emt 0:00:02]} 27. Ng2 {[%emt 0:00:06]} Nf5 {[%emt 0:01:06]} 28. Ne3 {[%emt 0:00:45]} Rxf4 1-0

[Event "Cellavision Cup 2018"]
[Site "Lund"]
[Date "2018.08.03"]
[Round "2"]
[White "Sumets, Andrey"]
[Black "Subramanian, Aditya"]
[Result "1-0"]
[WhiteElo "2575"]
[BlackElo "2151"]
[Annotator "ChessBase"]
[PlyCount "57"]
[EventDate "2018.08.03"]
[EventType "swiss"]
[EventCountry "SWE"]
[SourceTitle "playchess.com"]
[Source "ChessBase"]
[SourceQuality "1"]
[TimeControl "900+5"]

1. e4 {[%emt 0:00:00]} e5 {[%emt 0:00:00]} 2. Nf3 {[%emt 0:00:00]} Nc6 {[%emt 0:00:00]} 3. Bb5 {[%emt 0:00:06]} a6 {[%emt 0:00:01]} 4. Ba4 {[%emt 0:00:01]} Nf6 {[%emt 0:00:01]} 5. O-O {[%emt 0:00:02]} Nxe4 {[%emt 0:00:02]} 6. d4 {[%emt 0:00:01]} b5 {[%emt 0:00:02]} 7. Bb3 {[%emt 0:00:02]} d5 {[%emt 0:00:01]} 8. dxe5 {[%emt 0:00:06]} Be6 {[%emt 0:00:02]} 9. Nbd2 {[%emt 0:00:47]} Be7 {[%emt 0:00:03]} 10. c3 {[%emt 0:00:55]} O-O {[%emt 0:00:20]} 11. Nxe4 {[%emt 0:00:34]} dxe4 {[%emt 0:00:03]} 12. Bxe6 {[%emt 0:00:07]} Qxd1 {[%emt 0:00:44]} 13. Rxd1 {[%emt 0:00:07]} fxe6 {[%emt 0:00:18]} 14. Nd4 {[%emt 0:00:33]} Nxe5 {[%emt 0:01:45]} 15. Nxe6 {[%emt 0:00:15]} Rf7 {[%emt 0:00:32]} 16. Nxc7 {[%emt 0:01:04]} Rc8 {[%emt 0:01:27]} 17. Nxa6 {[%emt 0:00:53]} Nd3 {[%emt 0:02:31]} 18. Be3 {[%emt 0:00:46]} Rf6 {[%emt 0:01:38]} 19. Nb4 {[%emt 0:01:18]} Bxb4 {[%emt 0:00:03]} 20. cxb4 {[%emt 0:00:01]} Rc2 {[%emt 0:00:02]} 21. a4 {[%emt 0:02:18]} bxa4 {[%emt 0:00:38]} 22. Rxa4 {[%emt 0:00:07]} Nxf2 {[%emt 0:00:11]} 23. Rd8+ {[%emt 0:01:25]} Kf7 {[%emt 0:00:01]} 24. Ra7+ {[%emt 0:00:44]} Kg6 {[%emt 0:01:09]} 25. Rdd7 {[%emt 0:00:44]} Kf5 {[%emt 0:02:19]} 26. Rxg7 {[%emt 0:01:04]} Nd1 {[%emt 0:00:02]} 27. Ra5+ {[%emt 0:00:43]} Ke6 {[%emt 0:00:07]} 28. Ra6+ {[%emt 0:00:02]} Kf5 {[%emt 0:00:08]} 29. Rg5# 1-0

[Event "Cellavision Cup 2018"]
[Site "Lund"]
[Date "2018.08.03"]
[Round "2"]
[White "Urkedal, Frode Olav Olsen"]
[Black "Persson, Richard"]
[Result "1-0"]
[WhiteElo "2537"]
[BlackElo "2146"]
[Annotator "ChessBase"]
[PlyCount "84"]
[EventDate "2018.08.03"]
[EventType "swiss"]
[EventCountry "SWE"]
[SourceTitle "playchess.com"]
[Source "ChessBase"]
[SourceQuality "1"]
[TimeControl "900+5"]

1. d4 {[%emt 0:00:00]} d5 {[%emt 0:00:00]} 2. c4 {[%emt 0:00:00]} e6 {[%emt 0:00:03]} 3. Nc3 {[%emt 0:00:00]} c6 {[%emt 0:00:07]} 4. e4 {[%emt 0:00:05]} dxe4 {[%emt 0:00:06]} 5. Nxe4 {[%emt 0:00:02]} Nf6 {[%emt 0:00:02]} 6. Nxf6+ {[%emt 0:00:04]} Qxf6 {[%emt 0:00:03]} 7. Nf3 {[%emt 0:00:02]} Bb4+ {[%emt 0:00:01]} 8. Bd2 {[%emt 0:00:01]} Bxd2+ {[%emt 0:00:02]} 9. Qxd2 {[%emt 0:00:02]} Nd7 {[%emt 0:00:02]} 10. Be2 {[%emt 0:00:13]} O-O {[%emt 0:00:04]} 11. O-O {[%emt 0:00:53]} e5 {[%emt 0:00:06]} 12. Rfd1 {[%emt 0:01:04]} exd4 {[%emt 0:01:42]} 13. Nxd4 {[%emt 0:00:03]} Re8 {[%emt 0:03:16]} 14. b4 {[%emt 0:00:55]} Ne5 {[%emt 0:01:00]} 15. h3 {[%emt 0:03:28]} Bd7 {[%emt 0:01:34]} 16. Nb3 {[%emt 0:00:48]} Rad8 {[%emt 0:00:23]} 17. Qc3 {[%emt 0:00:41]} Ng4 {[%emt 0:01:14]} 18. Qxf6 {[%emt 0:00:08]} Nxf6 {[%emt 0:00:01]} 19. Bf3 {[%emt 0:00:06]} Be6 {[%emt 0:01:20]} 20. Na5 {[%emt 0:00:39]} Rxd1+ {[%emt 0:01:11]} 21. Rxd1 {[%emt 0:00:02]} b6 {[%emt 0:00:02]} 22. Nxc6 {[%emt 0:00:09]} Bxc4 {[%emt 0:00:03]} 23. a3 {[%emt 0:01:10]} a6 {[%emt 0:00:08]} 24. g4 {[%emt 0:00:46]} h6 {[%emt 0:00:26]} 25. Rd4 {[%emt 0:00:02]} Bb5 {[%emt 0:01:04]} 26. h4 {[%emt 0:00:25]} Bxc6 {[%emt 0:00:17]} 27. Bxc6 {[%emt 0:00:03]} Re1+ {[%emt 0:00:23]} 28. Kg2 {[%emt 0:00:01]} g5 {[%emt 0:00:15]} 29. hxg5 {[%emt 0:00:12]} hxg5 {[%emt 0:00:01]} 30. Bf3 {[%emt 0:00:54]} Ra1 {[%emt 0:00:48]} 31. Rd6 {[%emt 0:01:04]} Kg7 {[%emt 0:00:01]} 32. Rxb6 {[%emt 0:00:05]} Rxa3 {[%emt 0:00:01]} 33. Bb7 {[%emt 0:00:02]} a5 {[%emt 0:00:11]} 34. b5 {[%emt 0:00:52]} Nxg4 {[%emt 0:00:15]} 35. Bc8 {[%emt 0:00:02]} Nf6 {[%emt 0:00:24]} 36. Ra6 {[%emt 0:00:04]} Ra2 {[%emt 0:00:18]} 37. b6 {[%emt 0:00:04]} Ne4 {[%emt 0:00:22]} 38. b7 {[%emt 0:00:01]} Rxf2+ {[%emt 0:00:11]} 39. Kg1 {[%emt 0:00:02]} Rb2 {[%emt 0:00:02]} 40. Ra8 {[%emt 0:00:01]} f5 {[%emt 0:00:44]} 41. b8=Q {[%emt 0:00:09]} Rxb8 {[%emt 0:00:03]} 42. Rxb8 {[%emt 0:00:02]} f4 {[%emt 0:00:03]} 1-0

[Event "Cellavision Cup 2018"]
[Site "Lund"]
[Date "2018.08.03"]
[Round "2"]
[White "Maiorov, Nikita"]
[Black "Carlsson, Ludvig"]
[Result "1-0"]
[WhiteElo "2504"]
[BlackElo "2118"]
[Annotator "ChessBase"]
[PlyCount "55"]
[EventDate "2018.08.03"]
[EventType "swiss"]
[EventCountry "SWE"]
[SourceTitle "playchess.com"]
[Source "ChessBase"]
[SourceQuality "1"]
[TimeControl "900+5"]

1. d4 {[%emt 0:00:00]} Nf6 {[%emt 0:00:00]} 2. c4 {[%emt 0:00:00]} c5 {[%emt 0:00:01]} 3. d5 {[%emt 0:00:01]} g6 {[%emt 0:00:02]} 4. Nc3 {[%emt 0:00:01]} Bg7 {[%emt 0:00:02]} 5. g3 {[%emt 0:00:00]} O-O {[%emt 0:00:10]} 6. Bg2 {[%emt 0:00:02]} d6 {[%emt 0:00:03]} 7. Nf3 {[%emt 0:00:02]} e6 {[%emt 0:00:16]} 8. O-O {[%emt 0:00:03]} Na6 {[%emt 0:00:47]} 9. dxe6 {[%emt 0:00:26]} fxe6 {[%emt 0:00:14]} 10. Bg5 {[%emt 0:02:53]} Qb6 {[%emt 0:01:18]} 11. Qd2 {[%emt 0:00:17]} Qb4 {[%emt 0:01:21]} 12. Rac1 {[%emt 0:01:34]} Qxc4 {[%emt 0:02:38]} 13. b3 {[%emt 0:01:53]} Qg4 {[%emt 0:00:51]} 14. Qxd6 {[%emt 0:00:46]} Ne8 {[%emt 0:00:48]} 15. Qd2 {[%emt 0:00:05]} e5 {[%emt 0:00:32]} 16. Be3 {[%emt 0:00:58]} Rb8 {[%emt 0:00:37]} 17. Ng5 {[%emt 0:00:08]} Kh8 {[%emt 0:00:47]} 18. Nce4 {[%emt 0:02:36]} b6 {[%emt 0:01:18]} 19. Bh3 {[%emt 0:00:24]} Qh5 {[%emt 0:00:09]} 20. Bxc8 {[%emt 0:00:02]} Rxc8 {[%emt 0:00:07]} 21. f3 {[%emt 0:00:14]} Nf6 {[%emt 0:00:32]} 22. Nxf6 {[%emt 0:00:46]} Bxf6 {[%emt 0:00:04]} 23. Ne4 {[%emt 0:00:07]} Rfd8 {[%emt 0:00:23]} 24. Qb2 {[%emt 0:00:02]} Qf5 {[%emt 0:00:12]} 25. Rcd1 {[%emt 0:00:12]} Qe6 {[%emt 0:01:22]} 26. Qa3 {[%emt 0:00:24]} b5 {[%emt 0:00:48]} 27. Qa5 {[%emt 0:00:03]} Nb4 {[%emt 0:01:39]} 28. Nxc5 {[%emt 0:00:20]} 1-0